00822cam a22002537a 450000500170000000800410001701000100005801100100006803500100007808200160008810000340010424500540013826000310019230000310022359000410025459000410029559000410033659000420037765000370041965000320045690100070048894900560049599900170055120220329141226.0971010s1985 r 00010 d a64702 a65674 a72937 a632.95bH3700aHaskell, Peter Thomas.953030 0aPesticides applicationb: principles and practice aOxford :bClarendon,c1985 a494 p.b: ilus. ; gráfs. aBATCH-UPDb10c20130110lUCH01h0749 aBATCH-UPDb10c20130410lUCH01h0429 aBATCH-UPDb10c20130914lUCH01h1603 aCONVERSIONb10c20130109lUCH01h133514aPesticidasxAplicación.98753914aPesticidasxPruebas.987568 aBK a632.95 H37bPAcLIBROd-5686eLIBROh1624i72937si c64702d64702